| 000 | 00867nmm a2200277 a 4500 | ||
|---|---|---|---|
| 001 | ocm0002015729 | ||
| 003 | TR-IsHL | ||
| 005 | 20201028180451.0 | ||
| 008 | 181213s2018 tu tur | ||
| 007 | cr cn | ||
| 020 | _a9786059148900 | ||
| 035 |
_a2015729 _b(N$T) |
||
| 050 | 0 | 4 |
_aPL248.İ675 _bS3 2018 |
| 090 | 0 | 4 |
_aPL248.İ675 _bS3 2018 |
| 100 | 1 | _aİlhan, Saadet | |
| 245 | 1 | 0 |
_aSarayda düğün: hikayeler _h[electronic resource] / _cSaadet İlhan |
| 250 | _a1. Baskı | ||
| 260 |
_aAnkara : _bBengü Yayınları, _c2018 |
||
| 300 | _a103 p. | ||
| 650 | 4 | _aDil ve Edebiyat | |
| 650 | 4 | _aLanguage and Literature | |
| 650 | 0 | _aTürk hikâyeleri | |
| 650 | 0 | _aTurkish Stories | |
| 650 | 7 |
_aLITERARY COLLECTIONS / Middle Eastern _2bisacsh |
|
| 856 | 4 | 0 | _uhttp://search.ebscohost.com/login.aspx?direct=true&scope=site&db=e011xww&AN=2015729 |
| 999 |
_c19152 _d19152 |
||